000 00847nam a22001337a 4500
040 _cRUA
082 _aAVM LY 2010 B093 Or.1
100 _aLY, VIREAK.
245 _aEffect of using blood meal in concentrate on growing quail at the animal experimental station of royal university of agriculture, ប្រសិទ្ធភាពនៃការប្រើប្រាស់ម្សៅឈាមក្នុងចំណីផ្សំទៅលើការលូតលាស់របស់ក្រូចសាច់នៅស្ថានីយចិញ្ចឹមសត្វ នៃសាកលវិទ្យាល័យភូមិន្ទកសិកម្ម
260 _aPhnom Penh
_bRUA
_c2010
300 _ax; 43p.
_bill.
_c29cm.
856 _uhttps://drive.google.com/file/d/1qaf0YfosEoU0i5FylHfD-mWlnyqsvsjC/view?usp=sharing
942 _cAVM
999 _c2386
_d2386